000
00314nam a2200121Ia 4500
008
190216s9999||||xx |||||||||||||| ||und||
100
_a
Lev Kassil & Early Dawn
245
0
_a
Soviet Literature For Young People
260
_b
Foreign Languages Pub
_c
1987
300
_a
350p
650
_a
Speeches
942
_c
BK
999
_c
12034
_d
12034